000 00319nam a2200121Ia 4500
008 190216s9999||||xx |||||||||||||| ||und||
100 _a"Gulshan, Tuli Rk, Choppra, Prakash V"
245 0 _aIit Joint Entrance Exam
260 _bNew Light Publishers
_c1999
300 _a1236p
650 _aEntrance Exam
942 _cREF
999 _c35663
_d35663